Лексичні особливості текстів сугестивних методик (Запис № 283903)
[ простий вигляд ]
| 000 -LEADER | |
|---|---|
| fixed length control field | 02370nam a22001577a 4500 |
| 041 ## - LANGUAGE CODE | |
| Language code of text/sound track or separate title | ukr |
| 080 ## - UNIVERSAL DECIMAL CLASSIFICATION NUMBER | |
| Universal Decimal Classification number | 09 |
| 090 ## - LOCALLY ASSIGNED LC-TYPE CALL NUMBER (OCLC); LOCAL CALL NUMBER (OCLC) | |
| Local cutter number (OCLC) ; Book number/undivided call number, CALL (RLIN) | КОР |
| 100 ## - MAIN ENTRY--PERSONAL NAME | |
| Personal name | Коркушко С. Б.. |
| 245 ## - TITLE STATEMENT | |
| Title | Лексичні особливості текстів сугестивних методик |
| 260 ## - PUBLICATION, DISTRIBUTION, ETC. (IMPRINT) | |
| Place of publication, distribution, etc | Острог |
| Name of publisher, distributor, etc | КАФ |
| Date of publication, distribution, etc | 2008 |
| 300 ## - PHYSICAL DESCRIPTION | |
| Extent | 44 |
| 520 ## - SUMMARY, ETC. | |
| Summary, etc | Вступ.<br/>Розділ 1. Історія вивченя мовної сугестії та сугестивної функції мови.<br/>Розділ 2. Класифікація і типологія сугестивних методик, контексти їхнього практичного використання, типи сугерендів.<br/>2.1. Базові принципи.<br/>2.2. Класифікація і характеристики сугестивних методик.<br/>2.3. Функціональні типи сугестії.<br/>2.4. Основні типи сугерендів як фактор, що впливає на складання сугестивних текстів.<br/>2.4.1. Типи сугерендів.<br/>2.4.2. Практичне використання типології сугерендів при написанні сугестивних текстів.<br/>Розділ 3. Механізм непрямого впливу, шаблони сугестивних текстів, основні правила складання сугестивних текстів.<br/>3.1. Непрямий вплив за методикою Мілтона Еріксона.<br/>3.2. Типові шаблони сугестивних текстів, стилістичні конструкції, метафори Еріксона і основні правила складання сугестивних текстів.<br/>3.2.1. Пресупозиція.<br/>3.2.2. Інші шаблони сугестивних текстів за методикою Еріксона.<br/>3.2.3. Використання емоційного забарвлення лексичних одиниць з сугестивною метою.<br/>3.2.4. Використання стилістичних конструкцій в сугестивних текстах.<br/>3.2.5. Метафори Еріксона.<br/>Висновки. |
| -- | сугестія, сугеренд, М. Еріксон |
| 650 ## - SUBJECT ADDED ENTRY--TOPICAL TERM | |
| Topical term or geographic name as entry element | Research Papers |
| 942 ## - ADDED ENTRY ELEMENTS (KOHA) | |
| Koha item type | Книги |
| Withdrawn status | Lost status | Source of classification or shelving scheme | Damaged status | Not for loan | Home library | Current library | Date acquired | Source of acquisition | Cost, normal purchase price | Total Checkouts | Full call number | Barcode | Date last seen | Price effective from | Koha item type |
|---|---|---|---|---|---|---|---|---|---|---|---|---|---|---|---|
| Universal Decimal Classification | ВІЛ - Відділ іноземн. літератури НБ | ВІЛ - Відділ іноземн. літератури НБ | 17/04/2009 | Акт №2 | 1.00 | 09 | 213596 | 15/12/2021 | 17/04/2009 | Книги |